| 000 | 00923nam a22002417a 4500 | ||
|---|---|---|---|
| 999 |
_c8372 _d8372 |
||
| 001 | 8372 | ||
| 003 | BD-JhCC | ||
| 005 | 20211111134021.0 | ||
| 008 | 180222b1998 bg a|||| ||a| 000 0 ben d | ||
| 035 | _a(BD-JhCC)8372 | ||
| 040 |
_aBD-JhCC _dBD-JhCC |
||
| 041 | _aben | ||
| 082 |
_a530 _bTAP 1982 |
||
| 100 | _aতপন, ড. শাহজাহান | ||
| 245 |
_aউচ্চ মাধ্যমিক পদার্থবিজ্ঞান (প্রথম পত্র) / _cড. শাহজাহান তপন; মুহম্মদ আজিজ হাসান; ড. রানা চৌধুরী |
||
| 260 |
_aঢাকা : _bহাসান বুক হাউস, _c1998. |
||
| 300 |
_a624 p. : _c24 cm. |
||
| 650 | _aPhysics | ||
| 700 | _aহাসান, মুহম্মদ আজিজ | ||
| 700 | _aচৌধুরী, ড. রানা | ||
| 942 |
_2ddc _cBK _02 |
||